00359pab a2200133 454500008004000000100001600040245007300056260000900129300001200138362001100150650002300161650002100184773002000205180718b2008 xxu||||| |||| 00| 0 eng d aShah, Beena aHigher education and ODL system: its need, significance and weakness c2008 ap.9-19. a21 Jan aDistance education aHigher education aUniversity News